000 00604nam a2200169Ia 4500
008 090711s9999 xx 000 0 und d
082 _b6781
100 _aअग्निहोत्री अ. शं.
245 _aमुक्ता आणि इतर गोष्टी
260 _c1970
300 _a172
600 _aअग्निहोत्री अ. शं.
630 _aमुक्ता आणि इतर गोष्टी
700 _aअग्निहोत्री अ. शं.
730 _aमुक्ता आणि इतर गोष्टी
942 _cBOOK
999 _c320799
_d320799